[Event "ST-2021-0-00202"]
[Site "LSS email"]
[Date "2021.10.18"]
[Round "?"]
[White "Pascual Perez, Norge"]
[Black "Anderskewitz, Ralf"]
[Result "1/2-1/2"]
[WhiteElo "2436"]
[BlackElo "2362"]
[PlyCount "89"]
[EventDate "2021.08.29"]
[EventType "tourn (corr)"]
[EventRounds "6"]
[EventCountry "GER"]
[SourceTitle "Corr 2024"]
[Source "ChessBase"]
[SourceDate "2023.10.19"]
[SourceVersion "1"]
[SourceVersionDate "2023.10.19"]
[SourceQuality "1"]

1. d4 Nf6 2. c4 g6 3. Nc3 Bg7 4. e4 d6 5. Be2 0-0 6. Nf3 e5 7. d5 a5 8. Bg5 h6 9. Bh4 Na6 10. Nd2 Qe8 11. 0-0 Nh7 12. f3 Bd7 13. a3 h5 14. b3 Bf6 15. Bf2 h4 16. Qb1 Bg5 17. Rd1 h3 18. g3 f5 19. b4 b6 20. Ra2 Qf7 21. Rf1 Qg7 22. Kh1 Nf6 23. exf5 gxf5 24. Be1 Rf7 25. Nd1 Qh6 26. Rg1 Kh8 27. Nf1 Rg7 28. Rb2 Rag8 29. Bf2 Bc8 30. Nfe3 e4 31. f4 Bxf4 32. gxf4 Qxf4 33. Rg3 Qh6 34. Nxf5 Bxf5 35. Rxg7 Qxg7 36. Ne3 axb4 37. axb4 Bc8 38. Qf1 Nh5 39. Bxh5 Qxb2 40. Bh4 Qg2+ 41. Nxg2 hxg2+ 42. Qxg2 Rxg2 43. Kxg2 Nxb4 44. Kf2 Ba6 45. Be2 1/2-1/2

[Event "ST-2021-0-00202"]
[Site "LSS email"]
[Date "2021.10.17"]
[Round "?"]
[White "Sorcinelli, Andrea"]
[Black "Anderskewitz, Ralf"]
[Result "1/2-1/2"]
[WhiteElo "2368"]
[BlackElo "2362"]
[PlyCount "59"]
[EventDate "2021.08.29"]
[EventType "tourn (corr)"]
[EventRounds "6"]
[EventCountry "GER"]
[SourceTitle "Corr 2024"]
[Source "ChessBase"]
[SourceDate "2023.10.19"]
[SourceVersion "1"]
[SourceVersionDate "2023.10.19"]
[SourceQuality "1"]

1. e4 c5 2. Nf3 Nc6 3. Bb5 e5 4. 0-0 Bd6 5. c3 a6 6. Ba4 b5 7. Bc2 Nge7 8. a4 Rb8 9. d4 cxd4 10. axb5 axb5 11. cxd4 Nxd4 12. Nxd4 exd4 13. Qxd4 Qc7 14. h3 0-0 15. Qd3 Bc5 16. Nc3 Qe5 17. Be3 Bxe3 18. Qxe3 b4 19. Nd1 Rd8 20. f4 Qc7 21. Bd3 d5 22. Rc1 Qb6 23. Qxb6 Rxb6 24. e5 h5 25. Rc7 Rb7 26. Rxb7 Bxb7 27. Nf2 Ra8 28. Rc1 Kf8 29. g4 g6 30. Kg2 1/2-1/2

[Event "ST-2021-0-00202"]
[Site "LSS email"]
[Date "2021.10.17"]
[Round "?"]
[White "Willmann, Bernd"]
[Black "Anderskewitz, Ralf"]
[Result "1/2-1/2"]
[WhiteElo "2357"]
[BlackElo "2362"]
[PlyCount "79"]
[EventDate "2021.08.29"]
[EventType "tourn (corr)"]
[EventRounds "6"]
[EventCountry "GER"]
[SourceTitle "Corr 2024"]
[Source "ChessBase"]
[SourceDate "2023.10.19"]
[SourceVersion "1"]
[SourceVersionDate "2023.10.19"]
[SourceQuality "1"]

1. e4 c5 2. Nf3 Nc6 3. d4 cxd4 4. Nxd4 Nf6 5. Nc3 e5 6. Ndb5 d6 7. Bg5 a6 8. Na3 b5 9. Nd5 Be7 10. Bxf6 Bxf6 11. c3 Ne7 12. Nxf6+ gxf6 13. Nc2 Bb7 14. Bd3 d5 15. Qe2 f5 16. exf5 e4 17. f6 Nf5 18. g4 Nh4 19. 0-0-0 Qxf6 20. Nd4 Qf4+ 21. Kb1 0-0-0 22. Bc2 Kb8 23. Rhf1 h5 24. f3 hxg4 25. fxg4 Qc7 26. a4 bxa4 27. Bxa4 Ng6 28. Qf2 Rxh2 29. Qxf7 Qxf7 30. Rxf7 Ne5 31. Re7 Nc4 32. Ka1 Rc8 33. g5 Rg2 34. Ne6 e3 35. Rh1 Rxb2 36. Nd4 Rg2 37. Rb1 Nd6 38. Rxe3 Ka8 39. Re6 Rxc3 40. Bb3 1/2-1/2

[Event "WC-2021-T-00001"]
[Site "LSS email"]
[Date "2021.01.15"]
[Round "?"]
[White "Anderskewitz, Ralf"]
[Black "Frendzas, Panayotis"]
[Result "1/2-1/2"]
[WhiteElo "2337"]
[BlackElo "2547"]
[PlyCount "71"]
[EventDate "2021.01.15"]
[EventType "tourn (corr)"]
[EventRounds "10"]
[EventCountry "GER"]
[SourceTitle "Corr 2024"]
[Source "ChessBase"]
[SourceDate "2023.10.19"]
[SourceVersion "1"]
[SourceVersionDate "2023.10.19"]
[SourceQuality "1"]

1. d4 Nf6 2. Nf3 g6 3. c4 Bg7 4. Nc3 0-0 5. e4 d6 6. Be2 e5 7. 0-0 exd4 8. Nxd4 Re8 9. f3 Nc6 10. Be3 Nh5 11. Nc2 Be5 12. Nd5 Ne7 13. Bg5 f6 14. Be3 Nxd5 15. Qxd5+ Be6 16. Qd2 f5 17. f4 Bxb2 18. Rab1 Bg7 19. Bxh5 gxh5 20. Bd4 b6 21. Rb3 Bxd4+ 22. Qxd4 h4 23. Rff3 Rf8 24. exf5 Bxf5 25. Ne3 Qe7 26. h3 c5 27. Qd5+ Be6 28. Qd2 Bf5 29. Nd5 Qg7 30. Rbe3 Rae8 31. Qe2 Qd4 32. Kh1 Rxe3 33. Rxe3 Kh8 34. Re8 Qa1+ 35. Kh2 Qg7 36. Rxf8+ 1/2-1/2

[Event "WC-2021-T-00001"]
[Site "LSS email"]
[Date "2021.01.15"]
[Round "?"]
[White "Anderskewitz, Ralf"]
[Black "Mueller Alves, Martin"]
[Result "1/2-1/2"]
[WhiteElo "2337"]
[BlackElo "2397"]
[PlyCount "71"]
[EventDate "2021.01.15"]
[EventType "tourn (corr)"]
[EventRounds "10"]
[EventCountry "GER"]
[SourceTitle "Corr 2024"]
[Source "ChessBase"]
[SourceDate "2023.10.19"]
[SourceVersion "1"]
[SourceVersionDate "2023.10.19"]
[SourceQuality "1"]

1. d4 Nf6 2. Nf3 e6 3. Bf4 c5 4. e3 Nc6 5. Nbd2 d5 6. c3 Bd6 7. Bg3 0-0 8. Bd3 b6 9. Qe2 Bb7 10. Rd1 Ne7 11. 0-0 Nf5 12. e4 dxe4 13. Nxe4 Nxg3 14. hxg3 Bxe4 15. Bxe4 Rc8 16. d5 e5 17. Bf5 Rc7 18. Nxe5 Re7 19. f4 Qc7 20. Qa6 g6 21. Bh3 Ne4 22. Qd3 Bxe5 23. fxe5 Rxe5 24. d6 Qc6 25. Qf3 Qe8 26. d7 Qe7 27. Qf4 Rd8 28. Rfe1 f6 29. c4 Ng5 30. Rxe5 Qxe5 31. Qxe5 fxe5 32. Kf2 Kf7 33. Ke3 Ke7 34. Rd5 Nxh3 35. gxh3 Rxd7 36. Rxe5+ 1/2-1/2

[Event "WC-2021-T-00001"]
[Site "LSS email"]
[Date "2021.01.15"]
[Round "?"]
[White "Langer, Raimund"]
[Black "Anderskewitz, Ralf"]
[Result "1/2-1/2"]
[WhiteElo "2476"]
[BlackElo "2337"]
[PlyCount "69"]
[EventDate "2021.01.15"]
[EventType "tourn (corr)"]
[EventRounds "10"]
[EventCountry "GER"]
[SourceTitle "Corr 2024"]
[Source "ChessBase"]
[SourceDate "2023.10.19"]
[SourceVersion "1"]
[SourceVersionDate "2023.10.19"]
[SourceQuality "1"]

1. d4 Nf6 2. c4 g6 3. Nc3 d5 4. cxd5 Nxd5 5. e4 Nxc3 6. bxc3 Bg7 7. Bc4 c5 8. Ne2 0-0 9. 0-0 Nc6 10. Be3 Na5 11. Bd3 b6 12. Rb1 cxd4 13. cxd4 Bb7 14. Qa4 Rc8 15. Rfd1 e6 16. Nf4 a6 17. d5 b5 18. Bxb5 axb5 19. Rxb5 exd5 20. Rxa5 d4 21. f3 dxe3 22. Rxd8 Rfxd8 23. h4 Ba6 24. Rd5 Bh6 25. Nxg6 hxg6 26. Qxa6 Bf4 27. g3 Rc1+ 28. Kh2 Rc2+ 29. Kh3 Rxd5 30. exd5 e2 31. Qa8+ Kg7 32. Qe8 Bd6 33. a3 Bxa3 34. Qe5+ Kg8 35. Qe8+ 1/2-1/2

[Event "WC-2021-T-00001"]
[Site "LSS email"]
[Date "2021.01.15"]
[Round "?"]
[White "Mueller Alves, Martin"]
[Black "Anderskewitz, Ralf"]
[Result "1/2-1/2"]
[WhiteElo "2397"]
[BlackElo "2337"]
[PlyCount "70"]
[EventDate "2021.01.15"]
[EventType "tourn (corr)"]
[EventRounds "10"]
[EventCountry "GER"]
[SourceTitle "Corr 2024"]
[Source "ChessBase"]
[SourceDate "2023.10.19"]
[SourceVersion "1"]
[SourceVersionDate "2023.10.19"]
[SourceQuality "1"]

1. e4 c5 2. Nf3 d6 3. d4 cxd4 4. Nxd4 Nf6 5. Nc3 a6 6. Be3 Ng4 7. Bc1 Nf6 8. f3 e5 9. Nb3 Be6 10. Be3 h5 11. Nd5 Bxd5 12. exd5 g6 13. Qd2 Nbd7 14. Be2 Bg7 15. 0-0 b6 16. a4 0-0 17. Kh1 Re8 18. c3 Qc7 19. Rad1 Qb7 20. g4 hxg4 21. fxg4 Nc5 22. Nxc5 bxc5 23. g5 Nd7 24. b4 Qc7 25. a5 Re7 26. Bf2 e4 27. Qe3 cxb4 28. cxb4 Qb7 29. Bg3 Be5 30. Be1 Bg7 31. Qf4 Ne5 32. Qxe4 Rc8 33. Qf4 Rec7 34. Qe4 Re7 35. Bg3 Nc4 1/2-1/2

[Event "WC-2020-S-00004"]
[Site "LSS email"]
[Date "2020.04.01"]
[Round "?"]
[White "Anderskewitz, Ralf"]
[Black "Osipov, Anatoly Vladimirovi"]
[Result "1/2-1/2"]
[WhiteElo "2328"]
[BlackElo "2415"]
[PlyCount "45"]
[EventDate "2020.04.01"]
[EventType "tourn (corr)"]
[EventRounds "12"]
[EventCountry "GER"]
[SourceTitle "Corr 2022"]
[Source "ChessBase"]
[SourceDate "2021.10.24"]
[SourceVersion "1"]
[SourceVersionDate "2021.10.24"]
[SourceQuality "1"]

1. e4 c5 2. Nc3 a6 3. f4 e6 4. Nf3 Nc6 5. d4 cxd4 6. Nxd4 Nxd4 7. Qxd4 b5 8. a3 Bb7 9. Bd3 Qc7 10. Qf2 Nf6 11. e5 Nd5 12. Nxd5 Bxd5 13. 0-0 Bc5 14. Be3 Bxe3 15. Qxe3 0-0 16. h3 d6 17. a4 dxe5 18. fxe5 Bc4 19. Bxc4 Qxc4 20. axb5 axb5 21. c3 Rxa1 22. Rxa1 Rd8 23. Rf1 1/2-1/2

[Event "WC-2020-S-00004"]
[Site "LSS email"]
[Date "2020.04.01"]
[Round "?"]
[White "Chumanov, Valeriy"]
[Black "Anderskewitz, Ralf"]
[Result "1/2-1/2"]
[WhiteElo "2315"]
[BlackElo "2328"]
[PlyCount "64"]
[EventDate "2020.04.01"]
[EventType "tourn (corr)"]
[EventRounds "12"]
[EventCountry "GER"]
[SourceTitle "Corr 2022"]
[Source "ChessBase"]
[SourceDate "2021.10.24"]
[SourceVersion "1"]
[SourceVersionDate "2021.10.24"]
[SourceQuality "1"]

1. d4 d5 2. Nf3 Nf6 3. c4 e6 4. g3 Be7 5. Nc3 0-0 6. Bg2 dxc4 7. Ne5 Nc6 8. Bxc6 bxc6 9. Nxc6 Qe8 10. Nxe7+ Qxe7 11. Qa4 c5 12. dxc5 Qxc5 13. Be3 Qc7 14. f3 Nd5 15. Bd4 Rd8 16. 0-0 Bd7 17. Qa3 a5 18. Rac1 Nb4 19. Bf2 h6 20. Ne4 Bb5 21. b3 Qe5 22. bxc4 Bc6 23. Bb6 Rdb8 24. Qe3 Nxa2 25. Bd4 Qf5 26. Nd6 Qg5 27. f4 Qh5 28. Rcd1 Nb4 29. Qf2 Rd8 30. Bc3 Na2 31. Bb2 Rab8 32. e4 f6 1/2-1/2

[Event "WC-2020-S-00004"]
[Site "LSS email"]
[Date "2020.04.01"]
[Round "?"]
[White "Domanov, Dmitry"]
[Black "Anderskewitz, Ralf"]
[Result "1/2-1/2"]
[WhiteElo "2460"]
[BlackElo "2328"]
[PlyCount "82"]
[EventDate "2020.04.01"]
[EventType "tourn (corr)"]
[EventRounds "12"]
[EventCountry "GER"]
[SourceTitle "Corr 2022"]
[Source "ChessBase"]
[SourceDate "2021.10.24"]
[SourceVersion "1"]
[SourceVersionDate "2021.10.24"]
[SourceQuality "1"]

1. e4 c5 2. Nf3 d6 3. d4 cxd4 4. Nxd4 Nf6 5. Nc3 a6 6. h3 e5 7. Nde2 h5 8. g3 Be6 9. Bg2 b5 10. 0-0 Nbd7 11. Be3 Be7 12. Nd5 Nxd5 13. exd5 Bf5 14. f4 Rc8 15. c3 Bh7 16. fxe5 dxe5 17. d6 Bg5 18. Bf2 0-0 19. a4 Nf6 20. axb5 axb5 21. Ra6 Rb8 22. Bc5 Ne4 23. Qd5 Nxc5 24. Qxc5 Bd3 25. h4 b4 26. c4 Rc8 27. Qxe5 Bxc4 28. hxg5 Bxa6 29. g6 Qb6+ 30. Kh2 Qb5 31. Qe7 Qxe2 32. Rxf7 Qxe7 33. dxe7 Rfe8 34. Bd5 Kh8 35. Bc6 Kg8 36. Bd5 Kh8 37. Be6 Rb8 38. Bd7 Kg8 39. Be6 Kh8 40. Bd7 Kg8 41. Be6 Kh8 1/2-1/2

[Event "CP-2019-Q-00008"]
[Site "LSS email"]
[Date "2019.11.27"]
[Round "?"]
[White "Oliveira, Diogo"]
[Black "Anderskewitz, Ralf"]
[Result "1/2-1/2"]
[WhiteElo "2234"]
[BlackElo "2325"]
[PlyCount "73"]
[EventDate "2019.12.01"]
[EventType "tourn (corr)"]
[EventRounds "6"]
[EventCountry "GER"]
[SourceTitle "Corr 2022"]
[Source "ChessBase"]
[SourceDate "2021.10.24"]
[SourceVersion "1"]
[SourceVersionDate "2021.10.24"]
[SourceQuality "1"]

1. g3 Nf6 2. c4 e5 3. Bg2 d5 4. cxd5 Nxd5 5. Nc3 Nb6 6. d3 Nc6 7. Nf3 Be7 8. 0-0 0-0 9. a3 Be6 10. b4 a5 11. b5 Nd4 12. Bb2 Nb3 13. Rb1 f6 14. Nd2 Nxd2 15. Qxd2 Nc4 16. Qc2 Nxb2 17. Qxb2 Rb8 18. Rfc1 f5 19. Nd1 f4 20. a4 Bd6 21. Nc3 Bc5 22. Ne4 Bd4 23. Qd2 Bd5 24. Rf1 Ra8 25. Nc3 f3 26. Bxf3 Bxf3 27. exf3 Rxf3 28. Kg2 Rf7 29. f3 h6 30. h4 Bxc3 31. Qxc3 Qd5 32. Rf2 Raf8 33. Qb3 Qxb3 34. Rxb3 b6 35. Rc3 Kh7 36. Rf1 Kg8 37. Rf2 1/2-1/2

[Event "WC-2019-S-00003"]
[Site "LSS email"]
[Date "2019.04.07"]
[Round "?"]
[White "Baranowski, Tadeusz"]
[Black "Anderskewitz, Ralf"]
[Result "1/2-1/2"]
[WhiteElo "2377"]
[BlackElo "2316"]
[PlyCount "80"]
[EventDate "2019.04.13"]
[EventType "tourn (corr)"]
[EventRounds "12"]
[EventCountry "GER"]
[SourceTitle "Corr 2022"]
[Source "ChessBase"]
[SourceDate "2021.10.24"]
[SourceVersion "1"]
[SourceVersionDate "2021.10.24"]
[SourceQuality "1"]

1. e4 e5 2. Nf3 Nc6 3. Bb5 a6 4. Ba4 Nf6 5. 0-0 b5 6. Bb3 Bb7 7. d3 Be7 8. Nbd2 0-0 9. a4 Re8 10. c3 h6 11. Re1 Bf8 12. Ba2 d6 13. h3 Nb8 14. Nh2 Nbd7 15. Ng4 Nxg4 16. hxg4 Be7 17. a5 Nc5 18. Qf3 Bf6 19. Nf1 Ne6 20. Ng3 Bg5 21. Bxe6 fxe6 22. Bxg5 Qxg5 23. Qe2 c5 24. f3 Rad8 25. Qf2 Rd7 26. Nf1 Rf8 27. Red1 Rdf7 28. Qe3 Qe7 29. Re1 Qh4 30. Re2 Qd8 31. Qd2 Bc8 32. Qe3 Bb7 33. Ree1 Qh4 34. b4 Rc8 35. Qd2 Rfc7 36. Ne3 Qf6 37. Qa2 Kh8 38. Rad1 Rd8 39. Rc1 Rdc8 40. Rcd1 Rd8 1/2-1/2

[Event "CP-2018-P-00039"]
[Site "LSS email"]
[Date "2018.09.27"]
[Round "?"]
[White "Anderskewitz, Ralf"]
[Black "Domenche Redondo, Francesco"]
[Result "1-0"]
[WhiteElo "2297"]
[BlackElo "1112"]
[PlyCount "57"]
[EventDate "2018.10.01"]
[EventType "tourn (corr)"]
[EventRounds "6"]
[EventCountry "GER"]
[SourceTitle "Corr 2022"]
[Source "ChessBase"]
[SourceDate "2021.10.24"]
[SourceVersion "1"]
[SourceVersionDate "2021.10.24"]
[SourceQuality "1"]

1. d4 Nf6 2. c4 g6 3. Nc3 d5 4. cxd5 Nxd5 5. e4 Nxc3 6. bxc3 Bg7 7. Bc4 c5 8. Ne2 Nc6 9. Be3 cxd4 10. cxd4 Qa5+ 11. Bd2 Qd8 12. Bc3 Bg4 13. f3 Bd7 14. Rb1 Rc8 15. 0-0 Qc7 16. Qd2 0-0 17. Rfc1 Rfe8 18. h4 e5 19. dxe5 Bxe5 20. Bxe5 Rxe5 21. Nf4 b6 22. h5 Rc5 23. Ba6 Rd8 24. Rxc5 bxc5 25. Rb7 Qc8 26. Qb2 Nd4 27. Nd5 Kf8 28. Qd2 Qc6 29. Qh6+ 1-0

[Event "CP-2018-P-00039"]
[Site "LSS email"]
[Date "2018.09.27"]
[Round "?"]
[White "Szczepanski, Zbigniew"]
[Black "Anderskewitz, Ralf"]
[Result "1/2-1/2"]
[WhiteElo "2444"]
[BlackElo "2297"]
[PlyCount "57"]
[EventDate "2018.10.01"]
[EventType "tourn (corr)"]
[EventRounds "6"]
[EventCountry "GER"]
[SourceTitle "Corr 2022"]
[Source "ChessBase"]
[SourceDate "2021.10.24"]
[SourceVersion "1"]
[SourceVersionDate "2021.10.24"]
[SourceQuality "1"]

1. c4 Nf6 2. Nf3 g6 3. d4 Bg7 4. g3 0-0 5. Bg2 d5 6. cxd5 Nxd5 7. 0-0 Nb6 8. Nc3 Nc6 9. e3 Re8 10. Re1 a5 11. Qe2 e5 12. Nxe5 Nxe5 13. dxe5 Bxe5 14. e4 Be6 15. Bf4 Bxf4 16. gxf4 Qe7 17. Qe3 Rad8 18. b3 a4 19. bxa4 Nc4 20. Qg3 c6 21. Rad1 Nb2 22. Rb1 Nd3 23. Re3 Nc5 24. Rc1 Rd4 25. f5 Bc4 26. e5 h5 27. Ne4 Nxe4 28. Bxe4 Bd5 29. Rce1 1/2-1/2